Vista normal
Vista MARC
- Orellana, Eugenio.
Entrada Autor personal
Número de registros utilizados en: 10
001 - NUMERO DE CONTROL
- Campo de control: 5070
003 - IDENTIFICADOR DE NUMERO DE CONTROL
- Campo de control: CO-MdFUSB
005 - HORA Y FECHA DE LA ULTIMA TRANSACCIÓN
- Campo de control: 20220621174556.0
008 - CAMPO DE LONGITUD FIJA
- Campo fijo de descripción fija: 210409|| aca||aabn | a|a d
040 ## - AGENCIA DE CATALOGACIÓN ORIGINAL
- Lenguaje de catalogación: spa
- Agencia que hace la transcripción: CO-MdFUSB
100 ## - AUTOR PERSONAL
- Autor personal: Orellana, Eugenio.
